Maps and plans of old Southampton (Record no. 116829)

MARC details
000 -LEADER
fixed length control field 00793cem a22002055a 4500
001 - CONTROL NUMBER
control field L140314
008 - FIXED-LENGTH DATA ELEMENTS--GENERAL INFORMATION
fixed length control field 070917s1907 xxk e 0 feng u
035 ## - SYSTEM CONTROL NUMBER
System control number (Sirsi) u140314
041 0# - LANGUAGE CODE
Language code of text/sound track or separate title eng
110 2# - MAIN ENTRY--CORPORATE NAME
Corporate name or jurisdiction name as entry element Southampton Record Society
9 (RLIN) 5351
245 00 - TITLE STATEMENT
Title Maps and plans of old Southampton
Medium [cartographic material]
255 ## - CARTOGRAPHIC MATHEMATICAL DATA
Statement of scale Scales differ
260 ## - PUBLICATION, DISTRIBUTION, ETC.
Place of publication, distribution, etc. Southampton
Name of publisher, distributor, etc. Southampton Record Society
Date of publication, distribution, etc. 1907
300 ## - PHYSICAL DESCRIPTION
Extent 14 maps on 13 sheets
Other physical details in folder
Dimensions 50 x 47 cm. or smaller
500 ## - GENERAL NOTE
General note Item consists of facsimiles of 13 maps dating from c. 1560 to 1905, showing the city of Southampton, with accompanying notes.
651 4# - SUBJECT ADDED ENTRY--GEOGRAPHIC NAME
Geographic name Southampton
690 ## - LOCAL SUBJECT ADDED ENTRY--TOPICAL TERM (OCLC, RLIN)
Topical term or geographic name as entry element ENVIRONMENTAL AND LAND CONSULTANCY-GEOMATICS-MAPPING AND POSITIONING-CARTOGRAPHY
700 1# - ADDED ENTRY--PERSONAL NAME
Personal name Rogers, W. H.
Relator term Editor
942 ## - ADDED ENTRY ELEMENTS (KOHA)
Suppress in OPAC 0
Holdings
Withdrawn status Lost status Source of classification or shelving scheme Damaged status Not for loan Home library Current library Shelving location Date acquired Total Checkouts Full call number Barcode Date last seen Copy number Price effective from Koha item type
    Dewey Decimal Classification     Historic collection Historic collection Historic collection 17/09/2007   MAP CABINET DRAWER 9 140314-2001 06/08/2019 1 06/08/2019 Archive